| 000 -CABECERA |
| Longitud fija campo de control |
00646nam a22002057a 4500 |
| 003 - IDENTIFICADOR DEL NÚMERO DE CONTROL |
| Identificador del número de control |
OSt |
| 005 - FECHA Y HORA DE LA ÚLTIMA TRANSACCIÓN |
| Fecha y hora de la última transacción |
20130619113044.0 |
| 008 - CÓDIGOS DE INFORMACIÓN DE LONGITUD FIJA |
| Códigos de información de longitud fija |
130619s1992 xxu||||| |||| 00| 0 eng d |
| 020 ## - NÚMERO INTERNACIONAL NORMALIZADO PARA LIBROS |
| Número Internacional Normalizado para Libros (ISBN) |
0943875404 |
| 040 ## - FUENTE DE LA CATALOGACIÓN |
| Centro transcriptor |
CDMR |
| 100 1# - PUNTO DE ACCESO PRINCIPAL-NOMBRE DE PERSONA |
| 9 (RLIN) |
3839 |
| Nombre de persona |
Fialka, John, J. |
| 245 10 - MENCIÓN DE TÍTULO |
| Título |
Hotel warriors |
| Resto del título |
: covering the Gulf War |
| Mención de responsabilidad, etc. |
John J. Fialka |
| 260 ## - PUBLICACIÓN, DISTRIBUCIÓN, ETC. (PIE DE IMPRENTA) |
| Lugar de publicación, distribución, etc. |
Washington |
| Nombre del editor, distribuidor, etc. |
Woodrow Wilson Center Press |
| 260 ## - PUBLICACIÓN, DISTRIBUCIÓN, ETC. (PIE DE IMPRENTA) |
| Lugar de publicación, distribución, etc. |
Baltimore |
| Nombre del editor, distribuidor, etc. |
Johns Hopkins Univeristy Press |
| Fecha de publicación, distribución, etc. |
1992 |
| 300 ## - DESCRIPCIÓN FÍSICA |
| Extensión |
78 p. |
| 490 0# - MENCIÓN DE SERIE |
| Mención de serie |
Woodrow Wilson Center special series |
| 650 04 - PUNTO DE ACCESO ADICIONAL DE MATERIA - TÉRMINO DE MATERIA |
| 9 (RLIN) |
3585 |
| Término de materia o nombre geográfico como elemento inicial |
Guerra del Golf Pèrsic, 1991 |
| 650 04 - PUNTO DE ACCESO ADICIONAL DE MATERIA - TÉRMINO DE MATERIA |
| 9 (RLIN) |
3678 |
| Término de materia o nombre geográfico como elemento inicial |
Corresponsals de guerra |
| Subdivisión de forma |
Relats personals |
| 942 ## - ENTRADA DE ELEMENTOS AGREGADOS (KOHA) |
| Fuente de clasificaión o esquema |
|
| Koha [por defecto] tipo de item |
Monografies |